000 00365nam a2200145Ia 4500
008 230917s9999||||xx |||||||||||||| ||und||
040 _e111052
_aMAIN
041 _aEnglish
082 _a519.2 C172P
100 _aCapinski, Mark
245 0 _aProbability through problems
260 _aNew Delhi
_bSpringer (India)
_c2001
300 _aviii, 257 p.
942 _cBK
999 _c120961
_d120961